|
|
|
|
| LEADER |
03251nam a22005655i 4500 |
| 001 |
978-1-4020-5943-8 |
| 003 |
DE-He213 |
| 005 |
20151204142439.0 |
| 007 |
cr nn 008mamaa |
| 008 |
100301s2007 ne | s |||| 0|eng d |
| 020 |
|
|
|a 9781402059438
|9 978-1-4020-5943-8
|
| 024 |
7 |
|
|a 10.1007/978-1-4020-5943-8
|2 doi
|
| 040 |
|
|
|d GrThAP
|
| 050 |
|
4 |
|a QD431-431.7
|
| 072 |
|
7 |
|a PSBC
|2 bicssc
|
| 072 |
|
7 |
|a SCI007000
|2 bisacsh
|
| 082 |
0 |
4 |
|a 572.6
|2 23
|
| 245 |
1 |
0 |
|a Subcellular Proteomics
|h [electronic resource] :
|b From Cell Deconstruction to System Reconstruction /
|c edited by Eric Bertrand, Michel Faupel.
|
| 264 |
|
1 |
|a Dordrecht :
|b Springer Netherlands,
|c 2007.
|
| 300 |
|
|
|a XXIV, 390 p.
|b online resource.
|
| 336 |
|
|
|a text
|b txt
|2 rdacontent
|
| 337 |
|
|
|a computer
|b c
|2 rdamedia
|
| 338 |
|
|
|a online resource
|b cr
|2 rdacarrier
|
| 347 |
|
|
|a text file
|b PDF
|2 rda
|
| 490 |
1 |
|
|a Subcellular Biochemistry,
|x 0306-0225 ;
|v 43
|
| 505 |
0 |
|
|a Membrane Proteomics -- Keynotes on Membrane Proteomics -- Two-Dimensional BAC/SDS-PAGE for Membrane Proteomics -- Microparticles: A New Tool for Plasma Membrane Sub-cellular Proteomic -- Lipid Raft Proteomics: More than Just Detergent-Resistant Membranes -- Organelle Subproteomes -- Organelle Proteome Variation Among Different Cell Types: Lessons from Nuclear Membrane Proteins -- Synaptosome Proteomics -- Proteomic Analysis of Secreted Exosomes -- Characterization of Supramolecular Protein Complexes -- From Protein—Protein Complexes to Interactomics -- Supramolecular Signalling Complexes in the Nervous System -- Protein Networks and Complexes in Photoreceptor Cilia -- Subcellular Systems Biology -- Systems Biology and the Reconstruction of the Cell: From Molecular Components to Integral Function -- Automated, Systematic Determination of Protein Subcellular Location using Fluorescence Microscopy -- Systems Biology of the Endoplasmic Reticulum Stress Response -- Emerging Technologies in Proteomics -- Systems Nanobiology: From Quantitative Single Molecule Biophysics to Microfluidic-Based Single Cell Analysis -- Biophotonics Applied to Proteomics -- Differential Epitope Identification of Antibodies Against Intracellular Domains of Alzheimer's Amyloid Precursor Protein Using High Resolution Affinity-mass Spectrometry -- LC-MALDI MS and MS/MS — An Efficient Tool in Proteome Analysis.
|
| 650 |
|
0 |
|a Life sciences.
|
| 650 |
|
0 |
|a Biochemistry.
|
| 650 |
|
0 |
|a Proteomics.
|
| 650 |
|
0 |
|a Proteins.
|
| 650 |
|
0 |
|a Bioinformatics.
|
| 650 |
|
0 |
|a Cell biology.
|
| 650 |
|
0 |
|a Biophysics.
|
| 650 |
|
0 |
|a Biological physics.
|
| 650 |
1 |
4 |
|a Life Sciences.
|
| 650 |
2 |
4 |
|a Protein Science.
|
| 650 |
2 |
4 |
|a Cell Biology.
|
| 650 |
2 |
4 |
|a Proteomics.
|
| 650 |
2 |
4 |
|a Biochemistry, general.
|
| 650 |
2 |
4 |
|a Biophysics and Biological Physics.
|
| 650 |
2 |
4 |
|a Bioinformatics.
|
| 700 |
1 |
|
|a Bertrand, Eric.
|e editor.
|
| 700 |
1 |
|
|a Faupel, Michel.
|e editor.
|
| 710 |
2 |
|
|a SpringerLink (Online service)
|
| 773 |
0 |
|
|t Springer eBooks
|
| 776 |
0 |
8 |
|i Printed edition:
|z 9781402059421
|
| 830 |
|
0 |
|a Subcellular Biochemistry,
|x 0306-0225 ;
|v 43
|
| 856 |
4 |
0 |
|u http://dx.doi.org/10.1007/978-1-4020-5943-8
|z Full Text via HEAL-Link
|
| 912 |
|
|
|a ZDB-2-SBL
|
| 950 |
|
|
|a Biomedical and Life Sciences (Springer-11642)
|